000 00243nam a22000977a 4500
999 _c11724
_d11724
008 200110b ||||| |||| 00| 0 eng d
020 _a9780021926022
100 _aJustus Anne Julie
_97413
245 _aThe Lost Elephant
260 _aUSA
_bMacmillan